Statistics for Ultimate Harry Potter Lord Voldemort Horcruxes Quiz

Click here to take the quiz!

General Stats

  • This quiz has been taken 607 times
    (598 since last reset)
  • The average score is 28 of 55

Answer Stats

QuestionHorcruxAnswer% Correct
HorcruxDiaryDiary
96%
DestroyerDiaryHarry Potter
86%
HorcruxNaginiNagini
82%
Destruction siteDiaryChamber of Secrets
80%
HorcruxHarryHarry Potter
79%
HorcruxRingRing
78%
HorcruxDiademDiadem
77%
DestroyerHarryLord Voldemort
73%
DestroyerNaginiNeville Longbottom
73%
Destruction methodNaginiSword of Godric Gryffindor
73%
HorcruxCupCup
72%
HorcruxLocketLocket
71%
Original ownerDiaryTom Riddle
71%
Destruction siteNaginiFront steps of Hogwarts
70%
Person murdered for creationHarryHarry Potter (unsuccessful)
70%
DestroyerRingAlbus Dumbledore
69%
Destruction methodHarryAvada Kedavra
65%
Original ownerDiademRowena Ravenclaw
63%
Destruction methodLocketSword of Godric Gryffindor
62%
Destruction methodDiaryBasilisk fang
61%
DestroyerLocketRon Weasley
61%
Destruction siteHarryForbidden Forest
57%
Original ownerCupHelga Hufflepuff
56%
Location of murderHarryPotter home, Godric’s Hollow
56%
DestroyerCupHermione Granger
55%
Destruction siteDiademRoom of Requirement
55%
Hiding placeCupLestrange vault
53%
Hiding placeDiademRoom of Requirement
53%
Person murdered for creationDiaryMoaning Myrtle
52%
Destruction methodCupBasilisk fang
50%
Location of murderDiaryFirst floor girls’ bathroom, Hogwarts
49%
Destruction siteLocketForest of Dean
49%
Original ownerLocketSalazar Slytherin
48%
Last owner before Tom RiddleDiademHelena Ravenclaw
47%
Hiding placeLocketCave
46%
DestroyerDiademVincent Crabbe
45%
Destruction siteCupChamber of Secrets
44%
Destruction methodRingSword of Godric Gryffindor
40%
Last owner before Tom RiddleRingMorfin Gaunt
38%
Destruction methodDiademFiendfyre
37%
Destruction siteRingHeadmaster’s Office
36%
Hiding placeDiaryMalfoy Manor
30%
Last owner before Tom RiddleCupHepzibah Smith
27%
Hiding placeRingGaunt shack
26%
Person murdered for creationRingTom Riddle Sr.
26%
Original ownerRingCadmus Peverell
23%
Person murdered for creationCupHepzibah Smith
23%
Location of murderRingRiddle House, Little Hangleton
20%
Last owner before Tom RiddleLocketHepzibah Smith
18%
Location of murderCupHepzibah Smith’s Home
18%
Person murdered for creationNaginiBertha Jorkins
16%
Location of murderNaginiAlbania
15%
Location of murderDiademAlbania
12%
Person murdered for creationDiademAlbanian peasant
10%
Person murdered for creationLocketMuggle tramp
8%

Score Distribution

Percentile by Number Answered

Percent of People with Each Score

Your Score History

You have not taken this quiz since the last reset